| 000 | 01424nam a2200373 c 4500 | ||
|---|---|---|---|
| 999 |
_c161651 _d161651 |
||
| 003 | BLK | ||
| 005 | 20240624115351.0 | ||
| 008 | 180410b bul|||||r ||||||| ||bul|| | ||
| 010 | _aKNG00168980000 | ||
| 040 | _aBLK | ||
| 041 |
_aBUL _cBUL |
||
| 072 | 7 |
_2bullib _aК _xКраезнание |
|
| 080 |
_aБългарска литература _b821.163.2 _x-1 _z821.163.2-1 |
||
| 100 |
_aЧерняев, Христо Иванов _d1930 - 2021 _gБългарски поет, публицист и писател _9365420 |
||
| 139 |
_aЧерняев, Христо _bЧ 71 |
||
| 245 | 1 | 0 |
_aВ синьото вглъбен _bЛирика _cХристо Черняев; худож. Милко Божков. |
| 257 | _aBGR | ||
| 260 |
_aВарна _bГеорги Бакалов _c1981 |
||
| 300 |
_a60 с. _bс ил. _c21 см |
||
| 380 | _aX | ||
| 500 | _aИмето на авт. е Христо Иванов Бонев. 3 150 тир. | ||
| 659 | _aК | ||
| 700 | 1 |
_aБожков, Милко Йорданов _eхудож. _9380445 |
|
| 852 | _aЦб 109714 | ||
| 852 | _aК 821.163.2/Ч 71 Х | ||
| 856 | 4 |
_qpdf _i0.00 _ldisable |
|
| 856 | 4 |
_qpdf _i0.00 _ldisable |
|
| 942 |
_cKNG _n0 _s1 |
||
| 944 |
_aCR _c18.12.2014 _lХристина Везирева _k30535 |
||
| 944 |
_aED _c18.12.2014 _l18.12.2014 - от С1,Р / 18.12.2014 |
||
| 999 | _d161651 | ||
| 999 | _d161651 | ||
| 999 | _d161651 | ||